[Event "Ruhrgebiet Verbandsklasse Gruppe 3 1819"]
[Site "Nordrheinwestfalen"]
[Date "2019.03.24"]
[Round "8.4"]
[White "Ball, Joerg"]
[Black "Bracht, Michael"]
[Result "1-0"]
[WhiteElo "1895"]
[BlackElo "1950"]
[PlyCount "69"]
[EventDate "2018.09.23"]
[EventType "team-tourn"]
[EventRounds "9"]
[EventCountry "GER"]
[SourceTitle "EXT 2022"]
[Source "ChessBase"]
[SourceDate "2021.10.06"]
[SourceVersion "1"]
[SourceVersionDate "2021.10.06"]
[SourceQuality "1"]
[WhiteTeam "Essen Listiger Bauer"]
[BlackTeam "Brambauer"]
[WhiteTeamCountry "GER"]
[BlackTeamCountry "GER"]

1. e4 g6 2. d4 Bg7 3. Nc3 d6 4. f4 c6 5. Nf3 Nf6 6. Bd3 0-0 7. 0-0 b5 8. e5 dxe5 9. dxe5 Ng4 10. Qe2 b4 11. Ne4 Qb6+ 12. Kh1 Ba6 13. h3 Nh6 14. g4 Bxd3 15. cxd3 f5 16. Be3 Qb5 17. Nf2 fxg4 18. hxg4 Qd5 19. Kg1 Nd7 20. d4 Rfc8 21. Rfd1 Nf8 22. Ng5 Nf7 23. Nge4 Nh6 24. b3 Nd7 25. Rac1 a5 26. Nc5 Nb6 27. Nfe4 Rf8 28. Ng5 Nf7 29. Nge6 Rfc8 30. Rf1 Nd7 31. f5 Ndxe5 32. dxe5 Qxe5 33. Qf2 gxf5 34. Bd4 Qd5 35. Bxg7 1-0

[Event "Ruhrgebiet Verbandsklasse Gruppe 3 1819"]
[Site "Nordrheinwestfalen"]
[Date "2019.03.10"]
[Round "7.5"]
[White "Schlueter, Christoph"]
[Black "Bracht, Michael"]
[Result "0-1"]
[WhiteElo "1963"]
[BlackElo "1950"]
[PlyCount "84"]
[EventDate "2018.09.23"]
[EventType "team-tourn"]
[EventRounds "9"]
[EventCountry "GER"]
[SourceTitle "EXT 2022"]
[Source "ChessBase"]
[SourceDate "2021.10.06"]
[SourceVersion "1"]
[SourceVersionDate "2021.10.06"]
[SourceQuality "1"]
[WhiteTeam "Kirchhellen SF"]
[BlackTeam "Brambauer"]
[WhiteTeamCountry "GER"]
[BlackTeamCountry "GER"]

1. d4 Nf6 2. c4 g6 3. Nc3 d5 4. Nf3 Bg7 5. Qb3 dxc4 6. Qxc4 0-0 7. e4 c6 8. Be2 b5 9. Qb3 a5 10. e5 a4 11. Qd1 Nd5 12. Nxd5 Qxd5 13. 0-0 h6 14. Be3 Be6 15. Qd2 Kh7 16. Ne1 Qd7 17. Nd3 Na6 18. Bf3 Rfd8 19. Rfd1 Bf8 20. Nf4 Bg4 21. Bxg4 Qxg4 22. Rac1 c5 23. d5 Qf5 24. Bxc5 Qxe5 25. Bb6 Rdc8 26. g3 Bg7 27. b3 Qd6 28. Be3 a3 29. h4 Nb4 30. h5 g5 31. Ne2 Rxc1 32. Qxc1 Nxd5 33. Bc5 Qc6 34. b4 e6 35. Qb1+ Kg8 36. Qd3 Nf6 37. Nc3 Ng4 38. Nxb5 Ne5 39. Nd4 Qd5 40. Qb3 Qb7 41. f4 Nd7 42. fxg5 Nxc5 0-1

[Event "Ruhrgebiet Verbandsklasse Gruppe 3 1819"]
[Site "Nordrheinwestfalen"]
[Date "2019.02.03"]
[Round "6.5"]
[White "Bracht, Michael"]
[Black "Bruckmann, Jochen"]
[Result "1-0"]
[WhiteElo "1950"]
[BlackElo "1773"]
[PlyCount "95"]
[EventDate "2018.09.23"]
[EventType "team-tourn"]
[EventRounds "9"]
[EventCountry "GER"]
[SourceTitle "EXT 2022"]
[Source "ChessBase"]
[SourceDate "2021.10.06"]
[SourceVersion "1"]
[SourceVersionDate "2021.10.06"]
[SourceQuality "1"]
[WhiteTeam "Brambauer"]
[BlackTeam "Ruettenscheid Rochade"]
[WhiteTeamCountry "GER"]
[BlackTeamCountry "GER"]

1. d4 d5 2. Nf3 c5 3. e3 Nc6 4. c3 e6 5. Bd3 c4 6. Bc2 Bd6 7. e4 Nge7 8. e5 Bc7 9. Ng5 Ng6 10. f4 f5 11. 0-0 Nce7 12. Ba4+ Kf8 13. Nd2 h6 14. Nh3 Bd7 15. Bc2 Be8 16. Nf3 Bf7 17. Kh1 Nc6 18. Qe1 Qe7 19. Rg1 Bd8 20. g4 fxg4 21. Rxg4 Qe8 22. Qg1 Nce7 23. Bd2 Nf5 24. Bxf5 exf5 25. Rg2 Rg8 26. Re1 Qe6 27. Qf2 Rc8 28. Nhg1 Rc6 29. Ne2 Rb6 30. Bc1 Nh8 31. Reg1 g6 32. Ne1 Be8 33. Nc2 a5 34. Ne3 Bf7 35. Qf3 g5 36. fxg5 Bxg5 37. Nxf5 Bxc1 38. Rxg8+ Bxg8 39. Nxc1 Qf7 40. Rf1 Bh7 41. Qh3 Kg8 42. Qg2+ Rg6 43. Nxh6+ Kg7 44. Rxf7+ Nxf7 45. Nf5+ Kf8 46. Qxd5 Rc6 47. Ng3 Ng5 48. Qd8+ 1-0

[Event "Ruhrgebiet Verbandsklasse Gruppe 3 1819"]
[Site "Nordrheinwestfalen"]
[Date "2019.01.20"]
[Round "5.5"]
[White "Krueger, Sven"]
[Black "Bracht, Michael"]
[Result "1/2-1/2"]
[WhiteElo "1952"]
[BlackElo "1950"]
[PlyCount "82"]
[EventDate "2018.09.23"]
[EventType "team-tourn"]
[EventRounds "9"]
[EventCountry "GER"]
[SourceTitle "EXT 2022"]
[Source "ChessBase"]
[SourceDate "2021.10.06"]
[SourceVersion "1"]
[SourceVersionDate "2021.10.06"]
[SourceQuality "1"]
[WhiteTeam "Brackel SF IV"]
[BlackTeam "Brambauer"]
[WhiteTeamCountry "GER"]
[BlackTeamCountry "GER"]

1. e4 g6 2. d4 Bg7 3. Nc3 d6 4. Nf3 Nd7 5. Bc4 e6 6. 0-0 Ne7 7. Be3 Nb6 8. Bb3 h6 9. a4 0-0 10. h3 Kh7 11. Nh2 Bd7 12. f4 f5 13. a5 Nbc8 14. e5 d5 15. Na4 b6 16. Bd2 Nc6 17. Nf3 N8e7 18. Kh2 Nb8 19. Qe2 Qe8 20. Rfc1 Bb5 21. Qe3 Na6 22. Nc3 Bd7 23. Qe2 b5 24. Na2 c5 25. dxc5 Nxc5 26. Nd4 a6 27. Bb4 Ne4 28. Nc3 Nxc3 29. Bxc3 Nc6 30. Nxc6 Bxc6 31. Bd4 Rg8 32. c3 Rc8 33. Bc2 Bb7 34. Bd3 Rc6 35. b4 Qd7 36. Rc2 Bf8 37. Rac1 Rc8 38. Qf2 Be7 39. g3 Rg7 40. Rg1 Kh8 41. Qe3 Qe8 1/2-1/2

[Event "Ruhrgebiet Verbandsklasse Gruppe 3 1819"]
[Site "Nordrheinwestfalen"]
[Date "2018.10.07"]
[Round "2.5"]
[White "Bracht, Michael"]
[Black "Sharma, Rakesh"]
[Result "1/2-1/2"]
[WhiteElo "1950"]
[BlackElo "1849"]
[PlyCount "78"]
[EventDate "2018.09.23"]
[EventType "team-tourn"]
[EventRounds "9"]
[EventCountry "GER"]
[SourceTitle "EXT 2022"]
[Source "ChessBase"]
[SourceDate "2021.10.06"]
[SourceVersion "1"]
[SourceVersionDate "2021.10.06"]
[SourceQuality "1"]
[WhiteTeam "Brambauer"]
[BlackTeam "Welper SV II"]
[WhiteTeamCountry "GER"]
[BlackTeamCountry "GER"]

1. d4 c6 2. Nf3 Nf6 3. c3 g6 4. Nbd2 d5 5. g3 Bg7 6. Bg2 0-0 7. 0-0 Ne4 8. Nxe4 dxe4 9. Ng5 f5 10. Qb3+ Qd5 11. f3 Qxb3 12. axb3 h6 13. Nh3 exf3 14. exf3 Be6 15. Re1 Kf7 16. b4 Nd7 17. Nf4 Bc4 18. Be3 a6 19. Rad1 Nf6 20. Bf1 Bb3 21. Rd2 Nd5 22. Nd3 Nxe3 23. Rxe3 b6 24. f4 a5 25. bxa5 Rxa5 26. Re1 Rd8 27. Rde2 Bf6 28. Ne5+ Bxe5 29. Rxe5 Rxe5 30. Rxe5 Kf6 31. Kf2 e6 32. Re1 Ra8 33. Bd3 b5 34. Ke3 Ra2 35. Re2 Ra1 36. Bc2 Bc4 37. Bd3 Bb3 38. Bc2 Bc4 39. Bd3 Bb3 1/2-1/2

[Event "Ruhrgebiet Verbandsliga Gruppe 2 1718"]
[Site "Germany"]
[Date "2018.02.04"]
[Round "6.8"]
[White "Bracht, Michael"]
[Black "Meise, Ulrich"]
[Result "1-0"]
[WhiteElo "1949"]
[BlackElo "1858"]
[PlyCount "55"]
[EventDate "2017.09.17"]
[EventType "team-tourn"]
[EventRounds "9"]
[EventCountry "GER"]
[SourceTitle "EXT 2022"]
[Source "ChessBase"]
[SourceDate "2021.10.06"]
[SourceVersion "1"]
[SourceVersionDate "2021.10.06"]
[SourceQuality "1"]
[WhiteTeam "Brambauer"]
[BlackTeam "Gerthe Werne"]
[WhiteTeamCountry "GER"]
[BlackTeamCountry "GER"]

1. d4 d5 2. Nf3 c6 3. e3 Nf6 4. Bd3 e6 5. Nbd2 Bd6 6. c4 Nbd7 7. Qc2 e5 8. dxe5 Nxe5 9. Nxe5 Bxe5 10. Nf3 Bc7 11. Bd2 h6 12. Bc3 Be6 13. 0-0-0 Qe7 14. Bxf6 Qxf6 15. Nd4 dxc4 16. Nxe6 Qxe6 17. Bf5 Qe5 18. Bd7+ Kf8 19. Qxc4 Bd8 20. Bg4 Bf6 21. Qb3 g6 22. Rd7 Be7 23. Rhd1 b6 24. Bf3 Kg7 25. Kb1 Rhd8 26. Qc3 Qxc3 27. bxc3 Rac8 28. Rxe7 1-0

[Event "Ruhrgebiet Verbandsliga Gruppe 2 1516"]
[Site "Germany"]
[Date "2015.09.27"]
[Round "2.8"]
[White "Bracht, Michael"]
[Black "Seibert, Michael"]
[Result "0-1"]
[WhiteElo "1948"]
[BlackElo "1870"]
[PlyCount "98"]
[EventDate "2015.09.06"]
[EventType "team-tourn"]
[EventRounds "9"]
[EventCountry "GER"]
[SourceTitle "EXT 2022"]
[Source "ChessBase"]
[SourceDate "2021.10.06"]
[SourceVersion "1"]
[SourceVersionDate "2021.10.06"]
[SourceQuality "1"]
[WhiteTeam "Brambauer"]
[BlackTeam "Oberhausen SV II"]
[WhiteTeamCountry "GER"]
[BlackTeamCountry "GER"]

1. d4 g6 2. g3 Bg7 3. Bg2 c5 4. c3 cxd4 5. cxd4 Qb6 6. Nf3 Nc6 7. e3 Nf6 8. 0-0 d5 9. Nc3 0-0 10. Ne5 e6 11. f4 h5 12. h3 Nd7 13. Nd3 a6 14. Nf2 Qd8 15. b3 b5 16. Bd2 Nb6 17. Rc1 Qd6 18. g4 hxg4 19. hxg4 b4 20. Ne2 a5 21. Bf3 Ba6 22. Kg2 a4 23. Qe1 axb3 24. axb3 Bxe2 25. Bxe2 Ra5 26. Rxc6 Qxc6 27. Bxb4 Ra2 28. Bxf8 Bxf8 29. Kf3 Qc2 30. Qd1 Qb2 31. Qd3 Ra3 32. Rb1 Qa2 33. Qd1 Nd7 34. Nd3 Nf6 35. Rb2 Qa1 36. Qxa1 Rxa1 37. Nc5 Bxc5 38. dxc5 Ne4 39. b4 Rg1 40. f5 g5 41. Bf1 Rxf1+ 42. Kg2 Rc1 43. fxe6 fxe6 44. Ra2 Rc4 45. Ra8+ Kf7 46. Rb8 Nc3 47. Kf3 Na2 48. Rb7+ Kf6 49. Ke2 Nxb4 0-1

[Event "Ruhrgebiet Verbandsliga Gruppe 1 1415"]
[Site "Germany"]
[Date "2014.10.19"]
[Round "2"]
[White "Bracht, Michael"]
[Black "Schaefer, Michael"]
[Result "1/2-1/2"]
[WhiteElo "1940"]
[BlackElo "1690"]
[PlyCount "74"]
[EventDate "2014.09.21"]
[EventType "team-tourn"]
[EventRounds "9"]
[EventCountry "GER"]
[SourceTitle "EXT 2022"]
[Source "ChessBase"]
[SourceDate "2021.10.06"]
[SourceVersion "1"]
[SourceVersionDate "2021.10.06"]
[SourceQuality "1"]
[WhiteTeam "Brambauer"]
[BlackTeam "Herne Sodingen II"]
[WhiteTeamCountry "GER"]
[BlackTeamCountry "GER"]

1. d4 Nf6 2. g3 g6 3. Bg2 Bg7 4. e4 d6 5. Ne2 0-0 6. 0-0 e5 7. d5 Qe8 8. c4 Bd7 9. Nbc3 Qc8 10. f3 a6 11. Be3 h5 12. c5 Bh3 13. cxd6 cxd6 14. Rc1 Bxg2 15. Kxg2 Qd8 16. Qb3 b5 17. a4 bxa4 18. Nxa4 Nbd7 19. Rc6 Ne8 20. Qb7 Rb8 21. Qxa6 Rb3 22. Rc3 Rxc3 23. Nexc3 f5 24. f4 fxe4 25. Nxe4 Nc5 26. Naxc5 dxc5 27. d6 Qb8 28. Rf2 Qb3 29. Qe2 Nxd6 30. Nxd6 Qd5+ 31. Kg1 Qxd6 32. Qc4+ Kh7 33. Bxc5 Qc6 34. b4 Rd8 35. fxe5 Rd1+ 36. Rf1 Rd2 37. Rf2 Rd1+ 1/2-1/2

[Event "NRW Verbandsliga Group1 1314"]
[Site "Nordrheinwestfalen"]
[Date "2014.01.26"]
[Round "6.7"]
[White "Koch, Burkhard"]
[Black "Bracht, Michael"]
[Result "0-1"]
[WhiteElo "1867"]
[BlackElo "1940"]
[PlyCount "68"]
[EventDate "2013.09.08"]
[EventType "team-tourn"]
[EventRounds "9"]
[EventCountry "GER"]
[SourceTitle "EXT 2020"]
[Source "ChessBase"]
[SourceDate "2019.10.17"]
[SourceVersion "1"]
[SourceVersionDate "2019.10.17"]
[SourceQuality "1"]
[WhiteTeam "Hoentrop SG"]
[BlackTeam "Doppelbauer Brambauer"]
[WhiteTeamCountry "GER"]
[BlackTeamCountry "GER"]

1. e4 g6 2. d4 d6 3. Nf3 Nf6 4. Nc3 Bg7 5. h3 c6 6. Be3 0-0 7. Qd2 Qa5 8. Bd3 Nbd7 9. 0-0 e5 10. Rab1 a6 11. b4 Qc7 12. dxe5 dxe5 13. Na4 b5 14. Nc5 Rd8 15. Qe2 Nxc5 16. Bxc5 Be6 17. a4 h6 18. c4 Rxd3 19. Qxd3 Bxc4 20. Qe3 Bxf1 21. Kxf1 Nd7 22. axb5 cxb5 23. Rc1 Rc8 24. Qa3 Qb7 25. Bd6 Rc6 26. Rxc6 Qxc6 27. Qd3 Bf8 28. Bxf8 Kxf8 29. Nd2 Ke7 30. Qe3 g5 31. Ke2 Qc7 32. Nb3 Qc4+ 33. Kf3 Qxb4 34. Kg4 a5 0-1

[Event "NRW Verbandsliga Group1 1314"]
[Site "Nordrheinwestfalen"]
[Date "2013.11.24"]
[Round "4.7"]
[White "Woestmann, Ulrich"]
[Black "Bracht, Michael"]
[Result "1-0"]
[WhiteElo "2018"]
[BlackElo "1940"]
[PlyCount "59"]
[EventDate "2013.09.08"]
[EventType "team-tourn"]
[EventRounds "9"]
[EventCountry "GER"]
[SourceTitle "EXT 2020"]
[Source "ChessBase"]
[SourceDate "2019.10.17"]
[SourceVersion "1"]
[SourceVersionDate "2019.10.17"]
[SourceQuality "1"]
[WhiteTeam "Ahlen SV"]
[BlackTeam "Doppelbauer Brambauer"]
[WhiteTeamCountry "GER"]
[BlackTeamCountry "GER"]

1. e4 g6 2. d4 Bg7 3. Nc3 d6 4. Be3 Nf6 5. Be2 c6 6. f4 Qa5 7. Qd2 Na6 8. Nf3 b5 9. e5 Ng4 10. 0-0 Nxe3 11. Qxe3 0-0 12. Bd3 Nb4 13. Ne4 Nd5 14. Qc1 Bg4 15. h3 Bxf3 16. Rxf3 Qb6 17. Kh1 Qxd4 18. c3 Qb6 19. exd6 exd6 20. f5 Qd8 21. Qd2 Nf6 22. fxg6 fxg6 23. Nxd6 Kh8 24. Bc2 Nd5 25. Nf7+ Rxf7 26. Rxf7 Qh4 27. Qf2 Qg5 28. Rf1 Re8 29. Rxg7 Ne3 30. Rf7 1-0

[Event "Ruhrgebiet Verbandsliga2 1213"]
[Site "Nordrheinwestfalen"]
[Date "2013.04.28"]
[Round "9.8"]
[White "Bracht, Michael"]
[Black "Grodotzki, Kenneth"]
[Result "1/2-1/2"]
[WhiteElo "1958"]
[BlackElo "1860"]
[PlyCount "75"]
[EventDate "2012.09.02"]
[EventType "team-tourn"]
[EventRounds "9"]
[EventCountry "GER"]
[SourceTitle "EXT 2020"]
[Source "ChessBase"]
[SourceDate "2019.10.17"]
[SourceVersion "1"]
[SourceVersionDate "2019.10.17"]
[SourceQuality "1"]
[WhiteTeam "Doppelbauer Brambauer"]
[BlackTeam "Muelheim Nord III"]
[WhiteTeamCountry "GER"]
[BlackTeamCountry "GER"]

1. d4 f5 2. g3 Nf6 3. Bg2 g6 4. Nf3 Bg7 5. 0-0 0-0 6. c3 c6 7. Nbd2 d5 8. Ne5 Ng4 9. Nxg4 fxg4 10. e4 dxe4 11. Nxe4 e5 12. Qb3+ Kh8 13. dxe5 Bxe5 14. Bh6 Bg7 15. Bxg7+ Kxg7 16. Rad1 Qc7 17. Nd6 Nd7 18. Rfe1 Nf6 19. Qb4 Kg8 20. Nxc8 Qxc8 21. Re7 Rb8 22. Qc4+ Kh8 23. Qd4 a6 24. Be4 Qd8 25. Re6 Qxd4 26. Rxd4 Rbe8 27. Rxe8 Rxe8 28. Bd3 Kg7 29. Kf1 Re7 30. Bc4 Ne4 31. Be2 h5 32. f3 gxf3 33. Bxf3 Ng5 34. Be2 Ne4 35. Bd3 Nf6 36. Rd6 Rd7 37. Rxd7+ Nxd7 38. Ke2 1/2-1/2

[Event "Ruhrgebiet Verbandsliga2 1213"]
[Site "Nordrheinwestfalen"]
[Date "2013.02.03"]
[Round "6.7"]
[White "Bense, Dirk"]
[Black "Bracht, Michael"]
[Result "1/2-1/2"]
[WhiteElo "1941"]
[BlackElo "1958"]
[PlyCount "151"]
[EventDate "2012.09.02"]
[EventType "team-tourn"]
[EventRounds "9"]
[EventCountry "GER"]
[SourceTitle "EXT 2020"]
[Source "ChessBase"]
[SourceDate "2019.10.17"]
[SourceVersion "1"]
[SourceVersionDate "2019.10.17"]
[SourceQuality "1"]
[WhiteTeam "Brackel SF II"]
[BlackTeam "Doppelbauer Brambauer"]
[WhiteTeamCountry "GER"]
[BlackTeamCountry "GER"]

1. e4 g6 2. d4 Bg7 3. c4 d6 4. Nc3 Nd7 5. Nf3 e5 6. Be3 Ne7 7. Be2 0-0 8. g4 f6 9. Qd2 exd4 10. Nxd4 Ne5 11. h3 N7c6 12. Nxc6 bxc6 13. f4 Nf7 14. 0-0-0 Qe7 15. Bf3 Bb7 16. h4 h6 17. Rde1 a5 18. g5 fxg5 19. hxg5 Nxg5 20. fxg5 Rxf3 21. gxh6 Be5 22. Qg2 Qf7 23. h7+ Kh8 24. Rhf1 Rxf1 25. Rxf1 Qg7 26. Bd2 Ba6 27. Rg1 Bxc4 28. Qxg6 Qxg6 29. Rxg6 Kxh7 30. Rh6+ Kg7 31. Rh3 a4 32. Kc2 Bf7 33. Kd3 Bg6 34. Kc4 Kf7 35. Re3 Ke7 36. Re2 Kd7 37. Be1 Bf7+ 38. Kb4 Bd4 39. Nxa4 c5+ 40. Ka3 Bxa2 41. Kxa2 Rxa4+ 42. Kb3 Ra8 43. Bc3 Re8 44. Bxd4 cxd4 45. Kc4 c5 46. b4 cxb4 47. Kxb4 Ke6 48. Kc4 Ke5 49. Rh2 Rc8+ 50. Kd3 Rc3+ 51. Kd2 Kxe4 52. Rh6 Rd3+ 53. Ke2 Ra3 54. Rh4+ Kd5 55. Rh8 Rg3 56. Kd2 d3 57. Rd8 Kc5 58. Kc3 d2+ 59. Kxd2 d5 60. Ra8 Kd4 61. Ra4+ Ke5 62. Ra8 Ke4 63. Ra4+ d4 64. Ra8 Rg2+ 65. Kd1 Ke3 66. Re8+ Kd3 67. Ke1 Ra2 68. Rd8 Rh2 69. Rd7 Rh1+ 70. Kf2 Ra1 71. Rd8 Ra4 72. Ke1 Kc3 73. Rc8+ Rc4 74. Rxc4+ Kxc4 75. Kd2 d3 76. Kd1 1/2-1/2

[Event "Ruhrgebiet Verbandsliga2 1213"]
[Site "Nordrheinwestfalen"]
[Date "2012.12.02"]
[Round "4.8"]
[White "Bracht, Michael"]
[Black "Winzbeck, Frank"]
[Result "1/2-1/2"]
[WhiteElo "1958"]
[BlackElo "1825"]
[PlyCount "111"]
[EventDate "2012.09.02"]
[EventType "team-tourn"]
[EventRounds "9"]
[EventCountry "GER"]
[SourceTitle "EXT 2020"]
[Source "ChessBase"]
[SourceDate "2019.10.17"]
[SourceVersion "1"]
[SourceVersionDate "2019.10.17"]
[SourceQuality "1"]
[WhiteTeam "Doppelbauer Brambauer"]
[BlackTeam "Gladbeck SG"]
[WhiteTeamCountry "GER"]
[BlackTeamCountry "GER"]

1. d4 Nf6 2. Nf3 e6 3. Bf4 b6 4. e3 Bb7 5. Nbd2 c5 6. c3 d5 7. Bd3 Bd6 8. Bg3 0-0 9. Ne5 Bxe5 10. dxe5 Ne4 11. Qc2 f5 12. exf6 Nxf6 13. Bh4 h6 14. Nf3 Nc6 15. Bb5 Qe7 16. Bxc6 Bxc6 17. Ne5 Be8 18. Ng4 Bh5 19. Nxf6+ gxf6 20. g4 Be8 21. Rg1 Kh8 22. 0-0-0 Qh7 23. Qxh7+ Kxh7 24. f4 Bc6 25. b3 b5 26. Rg3 a5 27. Kb2 Ra7 28. Rgg1 Raf7 29. Rd2 Rg8 30. h3 e5 31. f5 Rc8 32. Bf2 Bb7 33. a3 Rfc7 34. Rc1 Ra8 35. c4 bxc4 36. bxc4 d4 37. Ka1 Ba6 38. Rb2 Raa7 39. Rb6 Kg7 40. Bh4 Rf7 41. Rc6 dxe3 42. Rxc5 Rac7 43. Rxc7 Rxc7 44. c5 e2 45. Be1 a4 46. Ba5 Rd7 47. c6 Rd1 48. Kb2 h5 49. c7 hxg4 50. hxg4 Rxc1 51. Kxc1 Kf7 52. Kd2 Ke7 53. c8Q e1Q+ 54. Kxe1 Bxc8 55. Bb4+ Kf7 56. Kf2 1/2-1/2

[Event "Ruhrgebiet Verbandsliga2 1213"]
[Site "Nordrheinwestfalen"]
[Date "2012.09.30"]
[Round "2"]
[White "Bracht, Michael"]
[Black "Skara, Milenko"]
[Result "1/2-1/2"]
[WhiteElo "1958"]
[BlackElo "1743"]
[PlyCount "122"]
[EventDate "2012.09.02"]
[EventType "team-tourn"]
[EventRounds "9"]
[EventCountry "GER"]
[SourceTitle "EXT 2020"]
[Source "ChessBase"]
[SourceDate "2019.10.17"]
[SourceVersion "1"]
[SourceVersionDate "2019.10.17"]
[SourceQuality "1"]
[WhiteTeam "Doppelbauer Brambauer"]
[BlackTeam "Hoentrop SG"]
[WhiteTeamCountry "GER"]
[BlackTeamCountry "GER"]

1. d4 Nf6 2. Nf3 g6 3. g3 Bg7 4. Bg2 0-0 5. 0-0 d6 6. Re1 Re8 7. e4 Nbd7 8. Nbd2 e5 9. d5 Kh8 10. Nf1 Ng8 11. h4 Ndf6 12. N3h2 Rf8 13. c4 Nh5 14. Bf3 Nhf6 15. Be3 Bh6 16. b4 b6 17. Qc1 Bxe3 18. Qxe3 a5 19. a3 Qe7 20. Nd2 Ne8 21. Rac1 axb4 22. axb4 f5 23. exf5 gxf5 24. c5 f4 25. Qc3 bxc5 26. bxc5 Nh6 27. Nc4 fxg3 28. fxg3 Rg8 29. Bg2 Qg7 30. cxd6 cxd6 31. Nf1 Nf5 32. Nb6 Ra2 33. Qxc8 Nxg3 34. Rc2 Ra3 35. Qc4 Nf5 36. Rf2 Nd4 37. Nh2 Rg3 38. Qf1 Nf6 39. Nc4 Nxd5 40. Kh1 Nf4 41. Rxf4 exf4 42. Bd5 Rf8 43. Nd2 Nc2 44. Ndf3 Nxe1 45. Qxe1 Qb2 46. Ng5 Rc8 47. Nf1 Rgc3 48. Qe4 R3c7 49. Qxf4 h6 50. Nf7+ Rxf7 51. Qxf7 Qg7 52. Qe6 Rf8 53. Ng3 Qf6 54. Qxf6+ Rxf6 55. Kg2 Rf4 56. h5 Kg7 57. Bf3 Rb4 58. Nf5+ Kf6 59. Nxd6 Rb2+ 60. Kg3 Rb3 61. Kf4 Rxf3+ 1/2-1/2

[Event "Ruhrgebiet Verbandsliga2 1112"]
[Site "Nordrheinwestfalen"]
[Date "2012.03.25"]
[Round "8"]
[White "Bracht, Michael"]
[Black "Wernitz, Peter"]
[Result "1-0"]
[WhiteElo "1941"]
[BlackElo "1827"]
[PlyCount "83"]
[EventDate "2011.09.18"]
[EventType "team-tourn"]
[EventRounds "9"]
[EventCountry "GER"]
[SourceTitle "EXT 2020"]
[Source "ChessBase"]
[SourceDate "2019.10.17"]
[SourceVersion "1"]
[SourceVersionDate "2019.10.17"]
[SourceQuality "1"]
[WhiteTeam "Doppelbauer Brambauer"]
[BlackTeam "Recklinghausen Altstadt"]
[WhiteTeamCountry "GER"]
[BlackTeamCountry "GER"]

1. d4 g6 2. Nf3 Bg7 3. g3 f5 4. Bg2 Nf6 5. 0-0 0-0 6. c4 d6 7. Nc3 c6 8. Qc2 Na6 9. a3 Nc7 10. b3 Bd7 11. Bb2 Rc8 12. Rae1 d5 13. c5 Ne6 14. e3 Ne4 15. Nd2 N6g5 16. f3 Nxd2 17. Qxd2 Qc7 18. b4 Rce8 19. Kh1 Nf7 20. e4 e5 21. exd5 exd4 22. Ne2 d3 23. Nf4 Ne5 24. Bxe5 Rxe5 25. d6 Qd8 26. Rxe5 Bxe5 27. Nxd3 Bf6 28. f4 Re8 29. Re1 Be6 30. Ne5 Bxe5 31. Rxe5 Qd7 32. h3 a6 33. Qe2 Kf7 34. Kh2 Kf6 35. Qe3 Kf7 36. a4 h5 37. Bf1 Kf8 38. Qd4 Qg7 39. Bc4 Qd7 40. Rxe6 Rxe6 41. Qh8+ Kf7 42. Qh7+ 1-0

[Event "Ruhrgebiet Verbandsliga2 1112"]
[Site "Nordrheinwestfalen"]
[Date "2011.10.09"]
[Round "2.8"]
[White "Bracht, Michael"]
[Black "Isdepski, Marcus"]
[Result "1-0"]
[WhiteElo "1941"]
[BlackElo "1771"]
[PlyCount "123"]
[EventDate "2011.09.18"]
[EventType "team-tourn"]
[EventRounds "9"]
[EventCountry "GER"]
[SourceTitle "EXT 2020"]
[Source "ChessBase"]
[SourceDate "2019.10.17"]
[SourceVersion "1"]
[SourceVersionDate "2019.10.17"]
[SourceQuality "1"]
[WhiteTeam "Doppelbauer Brambauer"]
[BlackTeam "Weisse Dame Borbeck"]
[WhiteTeamCountry "GER"]
[BlackTeamCountry "GER"]

1. d4 d5 2. Bf4 Nf6 3. e3 Bf5 4. Nd2 e6 5. Ngf3 Bd6 6. Bg3 0-0 7. Be2 h6 8. 0-0 Bxg3 9. hxg3 Nbd7 10. c4 c6 11. b4 dxc4 12. Nxc4 Nd5 13. Qb3 N7b6 14. Nfd2 Nxc4 15. Nxc4 a6 16. Bf3 Nf6 17. a4 Be4 18. Bxe4 Nxe4 19. Qc2 Nd6 20. Ne5 Rc8 21. Rfc1 Qe7 22. Rab1 Rfd8 23. Qc5 Kf8 24. Qc2 Kg8 25. Qe2 Rc7 26. Qf3 Rdc8 27. Nd3 Rd8 28. Rc5 Rdc8 29. Rbc1 Kf8 30. g4 Qf6 31. Qxf6 gxf6 32. f3 f5 33. gxf5 Nxf5 34. Kf2 Kg7 35. b5 axb5 36. axb5 Ne7 37. bxc6 Rxc6 38. Rb1 R8c7 39. Rxc6 Nxc6 40. Nc5 Nd8 41. g4 Kg6 42. Kg3 Kg5 43. Rb5 Kg6 44. Kf4 f6 45. Ke4 Kf7 46. f4 Ke7 47. Kd3 Kd6 48. Rb6+ Ke7 49. e4 Rc6 50. Rb1 Rc7 51. e5 Kf7 52. Ne4 fxe5 53. dxe5 Kg6 54. Nd6 h5 55. gxh5+ Kxh5 56. Ke4 Kg6 57. Rg1+ Kh7 58. f5 exf5+ 59. Kxf5 Nc6 60. e6 Nd4+ 61. Kf6 Nxe6 62. Nf7 1-0

[Event "Ruhrgebiet Verbandsliga2 1112"]
[Site "Nordrheinwestfalen"]
[Date "2011.09.18"]
[Round "1.6"]
[White "Mackowiak, Sascha"]
[Black "Bracht, Michael"]
[Result "1/2-1/2"]
[WhiteElo "1854"]
[BlackElo "1941"]
[PlyCount "80"]
[EventDate "2011.09.18"]
[EventType "team-tourn"]
[EventRounds "9"]
[EventCountry "GER"]
[SourceTitle "EXT 2020"]
[Source "ChessBase"]
[SourceDate "2019.10.17"]
[SourceVersion "1"]
[SourceVersionDate "2019.10.17"]
[SourceQuality "1"]
[WhiteTeam "Bochum SV II"]
[BlackTeam "Doppelbauer Brambauer"]
[WhiteTeamCountry "GER"]
[BlackTeamCountry "GER"]

1. d4 g6 2. Nf3 Bg7 3. c4 Nf6 4. Nc3 d5 5. cxd5 Nxd5 6. e4 Nxc3 7. bxc3 c5 8. Rb1 0-0 9. Be2 Qa5 10. 0-0 cxd4 11. cxd4 Qxa2 12. Bg5 Qe6 13. Qc2 Qd6 14. e5 Qd8 15. Qc5 f6 16. Bh4 Nd7 17. Qc4+ Kh8 18. Rfd1 Nb6 19. Qb3 Bf5 20. Rbc1 Be4 21. Qa3 Qd7 22. Bg3 Bc6 23. exf6 exf6 24. Bd6 Rfe8 25. Bc5 Nd5 26. Bc4 Qg4 27. h3 Qh5 28. Bd6 Bh6 29. Rb1 Nb6 30. Bf7 Rec8 31. Be6 Bxf3 32. gxf3 Re8 33. Bg4 Qd5 34. f4 Nc4 35. Qc5 Qxd6 36. Qxc4 Qxf4 37. Rxb7 Rf8 38. Qc7 Qxc7 39. Rxc7 Bf4 40. Rb7 a5 1/2-1/2